Borges e Camilla : gatti, amori e altri disastri /

I tiakina i:
Ngā taipitopito rārangi puna kōrero
Kaituhi matua: Di Michele, Stefano
Ētahi atu kaituhi: Fioroni, Giosetta
Hōputu: Pukapuka
Reo:Itāriana
I whakaputaina: Padova : Il notes magico, 2011
Rangatū:La biblioteca di Mercurio ; 22
Ngā Tūtohu: Tāpirihia he Tūtohu
Kāore He Tūtohu, Me noho koe te mea tuatahi ki te tūtohu i tēnei pūkete!

MARC

LEADER 00000nam a2200000 i 4500
001 IT\ICCU\PUV\1330139
003 ItRI
005 20240206172832.0
008 120208s2011 it |||||| ||||| |||||c
015 |2 IT  |a 2011-10322 
020 |a 9788888341316 
040 |b ita  |c GP 
041 7 |a ita  |2 ISO-639-2 
100 1 |a Di Michele, Stefano  |0 IT\ICCU\LO1V\144227 
245 1 0 |a Borges e Camilla :  |b gatti, amori e altri disastri /  |c Stefano Di Michele ; disegni di Giosetta Fioroni. 
260 |a Padova :  |b Il notes magico,  |c 2011 
300 |a 72 p. :  |b ill. ;  |c 20 cm 
700 1 |a Fioroni, Giosetta  |0 IT\ICCU\CFIV\043421 
830 3 |a La biblioteca di Mercurio ;  |v 22  |0 IT\ICCU\PUV\0903993 
942 |2 ddc  |c BK 
952 |0 0  |1 0  |2 ddc  |4 0  |6 853_920000000000000_DIM  |7 1  |9 619  |a RM  |b RM  |d 2024-02-06  |l 0  |o 853.92 DIM  |p 113  |r 2024-02-06 17:28:57  |w 2024-02-06  |y BK 
981 1 |6 z01  |a i   |b xxxe  
982 1 |6 z01  |a n 
999 |c 572  |d 572